| 000 | 01317cam a22002651i 4500 | ||
|---|---|---|---|
| 003 | SA-RiAUC | ||
| 005 | 20241210060744.0 | ||
| 008 | 241209s1976 le g 00010cara c | ||
| 040 |
_aSA-JeALM _bara _cSA-RiAUC _erda |
||
| 082 | 0 | 4 |
_a922.58 _qSA-RiAUC |
| 090 |
_a922.58 _bص ي م |
||
| 100 | 1 |
_aالصيمري، الحسين بن علي بن محمد، _d351-436 هجري _eمؤلف. |
|
| 245 | 1 | 0 |
_aأخبار أبي حنيفة وأصحابه / _cأبو عبد الله حسين بن علي الصيمري. |
| 250 | _aالطبعة الثانية. | ||
| 264 | 1 |
_aبيروت : _bدار الكتاب العربي، _c1976 |
|
| 300 |
_a169 صفحة ؛ _c24 سم |
||
| 336 |
_aنص _btxt _2rdacontent _3كتاب |
||
| 337 |
_aبدون وسيط _bn _2rdamedia |
||
| 338 |
_aمجلد _bnc _2rdacarrier |
||
| 500 | _aالكتاب طبعة مصورة عن طبعة وزارة المعرف والتحقيقات العلمية والامور الثقافية للحكومة الهندية المطبوعة بمطبعة المعارف الشرقية حيدر اباد 1974م = 1394 هـ | ||
| 600 | 1 | 7 |
_aأبو حنيفة، النعمان بن ثابت التيمي، _d80-150 هجري _2aucnm |
| 650 | 7 |
_aالفقهاء الأحناف _vتراجم _2aucsh |
|
| 942 |
_2ddc _cBOOK _n0 |
||
| 949 |
_aSA-JeALM _d241209 _uosman123 _n1 |
||
| 999 |
_c3226 _d3226 |
||